000 00655nam a22002417a 4500
003 UA-OsUOA
001 70685
007 ta
008 20100910b un ||||| |||| 00| 0 ukr d
100 _aМоскалець К.
090 _a82.09(477)
_bМ82
942 _cBK
040 _aUA-OsUOA
_bukr
_cUA-OsUOA
_dUA-OsUOA
245 _aГра триває
_bЛітературна критика та есеїстика
300 _a240 с.
955 _a2
041 _aukr
080 _a82.09(477)
020 _a966-359-102-1
260 _aК.
_c2006
650 7 _a82 Література. Літературознавство
_2UDC
999 _c356967
_d356967